Polski rap - 500 albumów, 500 raperów - Statystyki

Ogólne statystyki
  • Ten quiz został rozwiązany 826 razy
  • Średni wynik to 72 z 500
Statystyki odpowiedzi
Album Raper % Poprawnych
Opowieści Z Doliny Smoków (2019) Bedoes
83%
100 Dni Do Matury (2020) Mata
83%
Egzotyka (2017) Quebonafide
82%
Marmur (2016) Taco Hemingway
82%
H8M5 (2020) Białas
78%
Rockstar (2018) White
76%
To Ziomal (2018) Żabson
73%
Ostatni Krzyk Osiedla (2016) Paluch
72%
BOA (2018) Reto
71%
Na Legalu? (2001) Peja
70%
Atypowy (2018) Szpaku
70%
47playground (2020) Oki
69%
Gdy Zgaśnie Słońce (2012) Kali
68%
Kinematografia (2000) Magik
68%
S.P.O.R.T. (2001) Tede
67%
Skan Myśli (2019) Young Igi
67%
Nowy Kolor (2017) Otsochodzi
66%
Klubowe (2019) Tymek
66%
Złoto i Biel (2019) Kizo
64%
Muzyka Poważna (2004) Pezet
64%
Pokój Zero (2019) Solar
64%
Tijara (2018) Malik Montana
63%
Koktajl (2017) Borixon
62%
EVIL_THINGS (2018) Guzior
61%
Uśmiech (2020) Jan-Rapowanie
58%
Redrum (2020) Słoń
58%
Jazz W Wolnych Chwilach (2003) O.S.T.R.
57%
Wyjęty Spod Prawa (2007) Popek
55%
Trzecie Rzeczy (2016) KęKę
53%
Antihype (2017) Sarius
53%
Czarna Biała Magia (2013) Sokół
51%
Zabójstwo Liryczne 2.0 (2015) Sentino
50%
Młody Bukowski (2017) Filipek
47%
PKKP (2018) Kaz
47%
Kontrast EP (2020) Sobel
47%
Syn Bogdana (2014) Chada
46%
Mowgli (2020) Kabe
45%
Droga Snów (2020) Qry
45%
Fake Love (2018) Smolasty
45%
Alfa I Omega (2008) Fokus
44%
Alboom (1995) Liroy
44%
Trapical Moon (2018) Blacha
43%
Zbiór Pieśni Sycylijskich (2018) Avi
42%
Bejbi (2017) Beteo
42%
Myślisz Jeszcze? (2017) Kuban
42%
Afera (2020) Kukon
42%
Życie Szalonym Życiem (2014) Zbuku
42%
Artysta Kombinator (2018) Bonus RPK
41%
O.R.S. (2009) Grubson
41%
Art Brut (2014) Oskar
41%
Weź Się Szanuj (2012) Chemiczny Adi
40%
Podróże Po Amplitudzie (2010) Rahim
40%
247365 (2018) Gedz
39%
M̶O̶D̶A̶ (2019) PlanBe
39%
Sobotaż (2009) Sobota
39%
Wrodzony Instynkt (2004) FU
38%
777 (2018) Zeamsone
37%
Księga Tajemnicza. Prolog (1996) Joka
36%
Fuego Infinito (2015) Kartky
36%
Middle Finger Mixtape (2015) Wac Toja
36%
Gdzie Jest Eis? (2003) Eis
34%
Kilka Numerów O Czymś (2009) Małpa
34%
audiotele (2019) schafter
34%
Nienajprawdziwsze_ (2016) Adi Nowak
33%
Eternia (2003) Eldo
33%
Poznaj Ose (2018) Młody Osa
33%
Byk (2013) Bu
32%
Magnum Ignotum Preludium (2015) donGURALesko
31%
Piątek 13-go (2014) KaeN
31%
Narkopop (2017) Kaz Bałagane
31%
Autodestrukcja (2014) Onar
31%
Jest Super. (2015) Zeus
31%
Grand Level (2016) Diho
30%
Czerwony Album (2004) Abradab
29%
Nitro (2019) Major SPZ
29%
Trzeba Było Zostać Dresiarzem (2014) Ten Typ Mes
29%
...Jak Nowonarodzony (2003) Włodi
29%
Obskurw King (2005) Zkibwoy
29%
8 Bila (2018) Bezczel
28%
Wilk Chodnikowy (2012) Bisz
28%
Nowy Rozdział (2017) B.R.O
28%
Roku Pora Piąta (2016) Deys
28%
WIECZNY JOINT MIXTAPE (2018) ZetHa
28%
Cztery I Pół (2011) Łona
27%
Opium LP (2015) Eripe
26%
Elwis Picasso (2019) Ero
26%
Oczy Szeroko Zamknięte (2020) Opał
26%
Wielka Niewiadoma (2000) Tymi
26%
Narcyz (2019) Bober
25%
Znany i Lubiany (2016) Bonson
25%
Hołd (2002) Pono
25%
Zmiany W Sąsiedztwie (2018) Śliwa
25%
Aglio e Olio (2021) Belmondo
24%
Miejski Patrol (2015) Mielzky
24%
Czarny Swing (2020) Miły ATZ
24%
Wilanów... Zobacz Różnicę (1998) O$ka
24%
Wielkie Sny (2016) Sitek
24%
#elpebejbe Mixtape (2015) yah00
24%
Wspaniały Widok Na Nic Interesującego (2013) Buka
23%
Ogarniente (2020) Joda
23%
W Stronę Światła (2021) Miszel
23%
Nieznani Sprawcy (2011) Orzeu
23%
Kwiaty Zła (2008) Pih
23%
De Nekst Best (2011) VNM
23%
Świat Stanął Na Głowie (2018) Marceli Bober
22%
Wyjście Z Bloków (2005) Mezo
22%
Wystudzony Temperament Vol. 2 (2011) TomB
22%
Hellboy (2016) ADM
21%
Polepione Dźwięki (2000) Fisz
21%
Nowe Dobro To Zło (2011) Hades
21%
Bejbo (2015) Kaietanovich
21%
Lecę, Chwila, Spadam (2014) Kuba Knap
21%
Sensi (2005) Pelson
21%
Tokio Hotel (2020) Szymi Szyms
21%
So Dope! (2020) Trill Pem
21%
Family First (2016) Kacper HTA
20%
Coraz Gorzej (2006) Kas
20%
Proverbium (2018) Małach
20%
W Pogoni Za Lepszej Jakości Życiem (2005) Małolat
20%
Za Młodzi Na Heroda (2013) Ras
20%
Definitywnie (2015) Te-Tris
20%
Mati Wiatr (2017) Wiatr
20%
Kosmos (2017) Arab
19%
3xNIE (2015) Bilon
19%
Panaceum (2014) Kafar
19%
Bógmacher (2004) Liber
19%
Mixtape Przez Małe Esz (2011) Mały Esz
19%
ANtY (2018) Rogal DDL
19%
Egzegeza: Księga Pszczół (2019) Tau
19%
Brzydka Sztuka (2019) Floral Bugs
18%
Most Na Rzece Odkupienia (2014) Kaczor
18%
IS.OK (2021) Kosi
18%
Alma Mater (2019) Shellerini
18%
Wampiry (2018) Tymin
18%
Etos 2 (2014) Vienio
18%
SuperExtra (2010) Wdowa
18%
Klucz (2004) Wilku WDZ
18%
Logika Gry (2011) Diox
17%
Monologimuzyka (2004) Doniu
17%
Dożyłem 25 Lat I Nie Będę Nic Zmieniał (2018) Holak
17%
Wilanów... Zobacz Różnicę (1998) Jano
17%
Kastaniety (2002) Kasta
17%
Muzyka, Bloki, Skręty (2004) Numer Raz
17%
Ludzie Sztosy (2015) Rado Radosny
17%
WNM2 (2018) Rest
17%
360 Mixtape (2018) Rufuz
17%
Akustyka Ust Asteka (2005) Astek
16%
Inna Wizja (2019) Jano PW
16%
JUNIPER (2020) Przyłu
16%
Najebawszy EP (2005) Smarki Smark
16%
Wyższe Dobro (2007) W.E.N.A.
16%
Hajs, Fejm I Wiara (2020) Edzio
15%
∞ (2011) Hans
15%
Dysonans (2016) Jongmen
15%
Chleb Powszedni (1999) Koras
15%
Podwórka Pytają Kiedy Płyta (2016) Leh
15%
Supermoce (2015) Oxon
15%
Vixtoria (2016) Vixen
15%
Głodny Duch (2015) Wini
15%
Moja Gra (2005) Wojtas
15%
Te-Rap-Ja (2002) WSZ
15%
Gdy Skrzydła W Popiele, Boginie Schodzą Na Ziemię (2015) AdMa
14%
NIC POZA TYM EP (2017) be vis
14%
Chleb Powszedni (1999) Jędker
14%
Prosto Przed Siebie (2012) Miuosh
14%
SPG Dystrykt (2012) Nullo
14%
Swój Chłopak (2016) Żary
14%
Hannibal (2016) Abel
13%
Marzenia Z Podwórka (2018) Dedis
13%
Zapiski Z Życia Na Terytorium Wroga (2010) Duże Pe
13%
Chronos (2018) Epis Dym KNF
13%
Opowieści Dziwnej Treści (1999) Fazi
13%
Custom (2020) Hodak
13%
Każdego Dnia Człowiek (2004) Jot
13%
Biało-Czewone Serce (2015) Juras
13%
0#1 (2015) Kajman
13%
Przebudzenie (2020) Kara
13%
WSK8OFMND (2017) Łajzol
13%
Teoria Równoległych Wszechświatów (2011) Medium
13%
Alfabet Mopsa (2018) Mops
13%
"Ń" (2014) Ńemy
13%
Bez Ceregieli (2013) Siwers
13%
I Niech Szukają Mnie Kule (2013) Szad
13%
Trzeba Pomagać Swoim (2017) TPS
13%
Atomistyka (2016) Anatom
12%
KRAK5 (2015) Bosski Roman
12%
Te-Rap-Ja (2002) CNE
12%
Światła Miasta (2000) Jotuze
12%
Mystery Dungeon (2019) Koza
12%
Mgła (2019) Lipa
12%
Dissaster (2015) Penx
12%
Life After Deaf (2009) Pjus
12%
Asamblaż (2016) Proceente
12%
Wzgórze Ya-Pa 3 (1995) Radoskór
12%
Głębia (2020) Siles
12%
Zmysłów 5 (2002) Tymon
12%
Wzgórze Ya-Pa 3 (1995) Zajka
12%
Efekt (2001) Zółf
12%
Płyta Pilśniowa (2001) Afrojax
11%
Światła Miasta (2000) Ash
11%
Żeby Było Miło (1997) Bolec
11%
Mam Taką Twarz, Że Ludzie Mi Ufają... Billing (2008) Emil Blef
11%
Wpisz Młody Skrubol (2019) Emil G
11%
Odzwierciedlenie (2017) Fejz
11%
Chleb Powszedni (1999) Felipe
11%
Midas (2019) Frosti Rege
11%
Gorące Wersy Płoną (2011) Gandzior
11%
Masy Ludu. Na Językach (2002) HST
11%
Czerń I Biel (2018) Kleszcz
11%
Sygnatura (2017) Kobik
11%
Kosmostumostów (2011) L.U.C
11%
Dżonson (2009) Łysonżi
11%
Napisy Końcowe (2017) Muflon
11%
Lavorama (2009) Piter Pits
11%
47UNK (2019) Ryfa Ri
11%
Pół Żartem, Pół Serio (2010) Stasiak
11%
Ponad Tym (2016) Sulin
11%
Żelbet (2020) Berson
10%
Utrapiony (2013) Buczer
10%
Niewidzialny Celebryta (2014) Cira
10%
Konflikt Wydaje Się Być Nieunikniony (1999) Dany
10%
IQ (2002) Dizkret
10%
Dekada (2011) DKA
10%
Efekt (2001) Ekonom
10%
Zła Sława (2014) Flint
10%
Po Prostu Wierzę (2014) Jakub Bartczak
10%
Pan Kolczasty (2011) Jeżozwierz
10%
Koldian Walleprond (2014) Koldi
10%
Nie Myśl O Mnie Źle (2013) Mam Na Imię Aleksander
10%
Owoc Żywota (2019) Nizioł
10%
Następny Level (2004) Reno
10%
Czas Zmian (2017) Ry23
10%
Orange Shower (2020) VBS
10%
1978 (2020) Wigor
10%
wyga.co (2012) Wyga
10%
Kryminogenny (2019) Bajorson
9%
Którędy Się Wychodzi Na Ludzi (2020) Feno
9%
Procesy Poznawcze (2016) Hase
9%
Ocean Szarych Bloków (2001) Inespe
9%
Styldohwil (2008) Jarecki
9%
Chleb Powszedni (1999) Jaźwa
9%
Drugi Wybór (2016) Kamil
9%
Te Słowa Mówią Wszystko (2000) Łyskacz
9%
Nowe Wyzwanie (2001) Pęku
9%
Śpiesz Się Mnie Kochać (2015) Pikers
9%
Pasja (2012) Pyskaty
9%
Z-Q-TE Zwroty (2019) Qlop
9%
Złoty Środek (2017) Rena
9%
Owoce Miasta (1999) Rymek
9%
Reality (2017) Spinache
9%
Cały Czas (2004) Żurom
9%
Wiry (2014) Żyto
9%
Nic Co Ludzkie (2004) 1z2
8%
My Tape. D12 (2018) Dudek P56
8%
W Samo Sedno (2001) Gano
8%
Jak Nie Dzisiaj, To Kiedy? (2017) Głowa
8%
Wielkie Wojny Małych Ludzi (2015) Hukos
8%
ABSYNTH (2020) Jamal
8%
...Oszalał!!? (1997) Karramba
8%
Milczmen Screamdustry (2012) Laikike1
8%
Antybanger (2015) Lukasyno
8%
Chleb Powszedni (1999) Mieron
8%
Epizod II: Rapnastyk (2002) Owal
8%
Po Prostu Echo... (1999) Parker
8%
Oddech Za Oddech (2015) Parzel
8%
Te Słowa Mówią Wszystko (2000) Pepper
8%
Konkretna Rozrywka (2016) RAU
8%
Nibylandia (2001) Śliwka Tuitam
8%
Pan Tu Nie Stał (2016) Szesnasty
8%
Efekt (2001) Ziaja
8%
Puzzle (2013) 2sty
7%
deobedena.com (2004) Deobe
7%
Hologram (2020) Gverilla
7%
Po Tej Stronie Raju (2011) HuczuHucz
7%
Eksploracje (2002) Maciora
7%
Hipocentrum (2008) PeeRZeT
7%
The Best Of Moje Getto (2019) Piernikowski
7%
Strefa Dyskomfortu (2020) Piotr Cartman
7%
Tato Hemingway (2017) Pivot
7%
93 MLN Mil Od Słońca (2019) Pork
7%
Po Prostu Echo... (1999) Pudel
7%
NOSEBLEED SOULJA EP (2020) Yung Adisz
7%
Rookie (2016) Barto'cut12
6%
Fino Alla Fine (2018) Benito
6%
Self Made Man (2017) Emes Milligan
6%
Kilka Stopni Wyżej (2016) Flojd
6%
Autorytet (2000) Funky Filon
6%
Skrawki (2019) Karian
6%
Fabryka Snów (2012) Karwan
6%
Na Żywo Z Miasta Grzechu (2010) Kobra
6%
Zielona Linia Metra (2016) Metrowy
6%
Krochmal (2020) Oliver Olson
6%
Lavorama (2009) patr00
6%
200 ton (2011) Rafi
6%
System Crack (2014) Rakraczej
6%
Od Początku (2018) Szopeen
6%
Sprawdź Sytuację (2000) Thomass
6%
Dla Każdego (2010) Tony Jazzu
6%
Wiadomość (2016) Wężu
6%
Siema LP (2010) Zioło
6%
Nielegal (2017) Bonez
5%
Buntownicy I Lojaliści (2013) Green
5%
Kto Jak Nie My? (2017) Kościey
5%
Życie Na Parkingu EP (2019) Młody Dzban
5%
Sprawdź Sytuację (2000) Oxy
5%
W Strefie Jarania I W Strefie Rymowania (2006) Pan Wankz
5%
DA GROOVEMENT (2020) Pers
5%
Setka sekta (2015) Peus
5%
Bobby Fischer (2010) Raca
5%
SICKKID (2017) Skor
5%
Minuty (2001) Wujlok
5%
Ja To Ktoś Inny (2017) Zero
5%
High Definition 2: Victoria I Pokój (2013) Diset
4%
Deptak Wartości (2014) FAV
4%
Miasta Krzywych Wież (2016) Golin
4%
Jestem Smutny (2016) Gospel
4%
Headliner (2017) Guova
4%
Gorączka W Parku Igieł (2008) Jimson
4%
Wampiry (2018) KID
4%
Punkt G (2013) Kroolik Underwood
4%
47% (2017) Mada
4%
reminiscencja (2018) mlodyskiny
4%
Teatr Uliczny (2014) Ninjah
4%
Pjes Uliczny (2016) Paweł Bokun
4%
Universum (2014) Planet ANM
4%
Fino Alla Fine (2018) Ricci
4%
Ludzie Chmur (2015) Skorup
4%
Drugie Koty (2018) Teabe
4%
Pięć Miejsc Po Przecinku (2012) Żyt Toster
4%
El Paso (2015) Bandura
3%
Wielkie Hity (2002) Bastek
3%
TDW Syberia (2019) CMAZ
3%
Host (2017) Delekta
3%
DA GROOVEMENT (2020) Domi
3%
Kan Wa Kan (2017) Enson
3%
Niepotrzebne Skreślić (2014) Karwel
3%
Igła W Stogu PCV (2011) Kubson
3%
Miło Było Poznać (2016) Meek, Oh Why?
3%
Teatr Uliczny (2014) Mejdej
3%
Joetown (2017) Młodszy Joe
3%
Kicktape 2.0 (2016) Neile
3%
BezPrzerwy (2019) Pater
3%
Materiał Biograficzny (2011) Quiz
3%
Słowoplastyka (2015) Rover
3%
O Wszystkim (2018) Skip
3%
Potęga W Czynie (2014) South Blunt System
3%
Hanibal (2018) Ten Preston
3%
78-200 (2020) Żaluzja
3%
Ostinato (2018) Zelo
3%
Sukinkoty EP (2016) Zygson
3%
Krucjaty i Ballady EP (2020) Augustyn
2%
Legenda (2019) Duchu
2%
Dzieło sztuki (2009) Ede
2%
Zapomniałem Podlać Kwiaty (2020) EMAS
2%
Domino (2014) Emen
2%
Mr. Happy (2020) Erking
2%
Droga Krajowa 0,7 (2014) EsZet
2%
Tropy (2018) Frank
2%
9000 Dni (2015) Hudy
2%
Dead or Alive (2019) Igrekzet
2%
Nie-EP (2013) Junes
2%
Rap I Jego Sobowtór (2013) Kidd
2%
Spróbuj Tego Nie Słuchać (2010) Kojot
2%
Crusher Mixtape (2016) Komil
2%
Tędy to Tam? (2017) KPSN
2%
metropolie EP (2019) maly elvis
2%
Nowa Jakość (2005) Massey
2%
Murdrera Jeden (2019) Mercedresu
2%
Odcinanie (2020) Młody Yerba
2%
Kości (2017) RDW
2%
Ucieczka Z Kolonii (2016) Roszja
2%
Ulica Nadaje (2008) Suja THS
2%
DA GROOVEMENT (2020) Tajfun
2%
Nie chcę popełniać błędów (2017) VAE Vistic
2%
Plac Zabaw (2014) Vito Bambino
2%
EP (2017) prod. whølelife Wiciu
2%
Własne Zdanie (2013) Wuzet
2%
Trzecia Część (2009) Żółw
2%
Jakoś Się Ułoży (2019) Alex
1%
BLCK_THGS (2020) AyamCamani
1%
Ósmy Marca (2005) Bartas
1%
Czarne Światło (2015) Bazi
1%
Klub Wyklętych Futurystów (2012) Beeres
1%
The Winners (2016) Biak
1%
Grill-Funk 2 (2016) Bleiz
1%
Co Chcesz Mi Powiedzieć (2017) Boxi
1%
Esencja Bitów Tekstów (2015) Bzyker
1%
83200 EP (2010) Chudini
1%
Sztuka Naiwna (2012) Cruz
1%
Lęk Wysokości (2014) Cywil
1%
Kolejny Stopień Wtajemniczenia (2015) Czeski
1%
Człowiek Z Krwi I Kości (2009) Człowień
1%
Życie Rapera Vol. 1 (2010) Emrat
1%
Żywe Linie (2008) Faczyński
1%
Materiał Biograficzny (2011) Feelhip
1%
#wszystkodobrze (2019) Fonope
1%
Noc EP (2005) Gres
1%
Odliczanie (2013) Gruber
1%
Międzyświat (2011) Haju
1%
Czarna Kawa (2020) Hermes
1%
EP2K13 (2019) Hryta
1%
Ósmy Marca (2005) Ignac
1%
Movement (2018) JNR
1%
Pewnego Dnia Będę Żył Wiecznie (2001) Jojo
1%
Esencja Bitów Tekstów (2015) Joker
1%
Shizz EP (2017) Jordah
1%
Człowiek Spragniony (2017) Joteste
1%
Patrzę, Obserwuję (2018) Kedyf
1%
POZA (2018) Klarenz
1%
Tragiiczny Miixtape (2015) Klasiik
1%
W 1 Os. (2013) Kubiszew
1%
Ekstrawersetyka (2017) Łagu
1%
Spadająca Gwiazda (2017) Leon
1%
Kuriozum (2003) Majkel
1%
Save It For Yourself (2017) Michał Tomasik
1%
Pianiści (2014) Miko
1%
Tną Hayabuzą (2016) MŁD
1%
Ludzie - Roboty - Systemy (2015) Mosad
1%
BłęKITibiel (2016) Mroku
1%
Żywe Linie (2008) Muk
1%
DA GROOVEMENT (2020) Nikaragua
1%
Getto Deluks (2013) Obywatel MC
1%
Dzieło sztuki (2009) Poszwixxx
1%
Syzyf (2014) Praktis
1%
Jestem Z Miejsca (2013) Pres
1%
K02M02 (2020) Prykson Fisk
1%
Tamagotchi (2018) Pueblos
1%
Szepty Dzieci Indygo (2016) Radzias
1%
Nieznani Sprawcy (2011) RDI
1%
2.4.6 Mixtape (2019) Rose
1%
Przedsmak (2000) Rybson
1%
Full Flavour (2013) Sensi
1%
Salto (2014) Shot
1%
W Przerwie Od Życia (2016) Świnia
1%
Wandalizm Elementem Kultury (2020) Sydoz
1%
Pierwsze Demo (2015) Theodor
1%
Abazja (2015) TMK
1%
Wielkie Hity (2002) Tobi
1%
Portfolio (2013) Tomiko
1%
Politoksykomania (2017) Tonciu
1%
24 TV (2012) Trzy-Sześć
1%
Get Fejm Or Die Tryin' (2010) Tusz Na Rękach
1%
Miłość, Nienawiść, Balet (2019) Wiktor Z WWA
1%
Wybrzeże Klatki Schodowej (2021) wszedzieZUBER
1%
Letarg EP (2017) Yann
1%
Legendy Płynące Z Tych Okolic (2012) Zaginiony
1%
Ponad Tym (2010) Aifam
0%
Rewolucja (2012) Arbak
0%
Obsydian EP (2015) Arik
0%
Cynik (2015) Arski
0%
Synekura (2016) Bejf
0%
Ręce (2016) Bogu
0%
Esencja Bitów Tekstów (2015) Bondar
0%
Eksploracje (2002) Breku
0%
Trzecia Część (2009) DeJo
0%
Introwersja (2015) Diament
0%
...o 2 takich co ukradli sample (2002) Elien
0%
Made In Poland (2002) Emcefalograf
0%
...o 2 takich co ukradli sample (2002) Eneka
0%
Rap Mi.Styka (2012) Erde
0%
Będzie Dobrze (2015) Eskaubei
0%
DA GROOVEMENT (2020) Fakirmistyk
0%
Siła Woli (2004) Finta
0%
Jeden Głos, Jedna Twarz… (2004) Goldi
0%
Dice City (2015) Hakim
0%
Pianiści (2014) Helio
0%
Z Krainy Grub (2017) HK Rufijok
0%
Wbrew (2017) Igorilla
0%
...Się Przyjęło! (1999) Jachol
0%
Czarna Krew (2009) Kaff Kaff-L
0%
Uśmiech Syzyfa (2015) Kato
0%
Liga Niezwykłych Dżentelmenów (2013) Kecaj
0%
Jestem Z Miejsca (2013) Kenty
0%
Nielegal_ (2014) Klemens
0%
Esencja Bitów Tekstów (2015) Kokot
0%
Parę Przemyśleń (2013) Konik
0%
Wisienka Na Torcie (2017) Lajt
0%
1984 Czyli Płyta Roku (2009) Leon Raz
0%
11 (2013) Nagash
0%
ALL.Trueizm (2019) Peepz
0%
5 Rano EP (2017) Pękacz
0%
Miłośnik Kłótni W Kłótni O Miłość (2010) Prys
0%
Uwierzysz LP (2014) RDK
0%
Odliczanie (2013) Sabot
0%
Mysteryum (2016) Sanhedryn
0%
W Siną Dal (2002) Siny
0%
Fundament (2009) Siódmy
0%
Legendy Płynące Z Tych Okolic (2012) Skajsdelimit
0%
DA GROOVEMENT (2020) Slalom
0%
Ponad Miarę (2013) Soker
0%
Niewidzialny (2014) Somp
0%
Brudna Płyta (2014) Sughar
0%
...Się Przyjęło! (1999) Szczawik
0%
Harpagan (2014) Sztigar Bonko
0%
Obojętnie (2012) Szuwar
0%
Dumbo (2014) Uszer zDP
0%
Bootlegging (2014) Veron
0%
Rushmore (2017) Wicher
0%
Jakoś Się Ułoży (2019) Wredny
0%
Niepodległość Trójkątów (2013) Wyraz
0%
Nie znaleziono quizów pasujących do podanych kryteriów
Rozkład punktacji
Procent ludzi z każdym wynikiem
Percentyl według liczby udzielonych odpowiedzi
Twoja historia wyników
Nie rozwiązałeś tego quizu